书目信息 |
| 题名: |
滋养层生物学与病理学
|
|
| 作者: | 莫菲特 , 洛克 , 麦克莱伦 编 ;张耀洲 译 | |
| 分册: | ||
| 出版信息: | 杭州 浙江大学出版社 2008.05 |
|
| 页数: | 172页 | |
| 开本: | 29cm | |
| 丛书名: | ||
| 单 册: | ||
| 中图分类: | Q13 | |
| 科图分类: | ||
| 主题词: | 胚胎--pei tai--生物学 , 胚胎--pei tai--病理学 | |
| 电子资源: | ||
| ISBN: | 978-7-308-05757-8 | |
| 000 | 01390nam0 2200313 450 | |
| 001 | 012009733289 | |
| 005 | 20090621095941.07 | |
| 010 | @a978-7-308-05757-8@dCNY30.00 | |
| 100 | @a20090621d2008 em y0chiy0120 ea | |
| 101 | 0 | @achi@ceng |
| 102 | @aCN@b330000 | |
| 105 | @ay a 000yy | |
| 106 | @ar | |
| 200 | 1 | @a滋养层生物学与病理学@Azi yang ceng sheng wu xue yu bing li xue@d= Biology and pathology of trophoblast@f(英) Ashley Moffett, Charlie Loke, Anne Mclaren编@F(ying)Ashley Moffett,Charlie Loke,Anne Mclaren bian@g张耀洲译@Gzhang yao zhou yi@zeng |
| 210 | @a杭州@c浙江大学出版社@d2008.05 | |
| 215 | @a172页@d29cm | |
| 314 | @a责任者moffett, Loke, McLaren规范汉译姓 : 莫菲特, 洛克, 麦克莱伦 | |
| 320 | @a有书目 | |
| 330 | @a滋养层是从受精卵分化而来为胚胎发育提供营养和保护的组织。本书首次对滋养层作出了深入详尽的阐述。滋养层的细胞具有许多特性,并且在不同物种之 间差异较大,在胎盘的发育和胚胎的早期生长十字路口,滋养层发挥着重要调节作用。 | |
| 500 | 10 | @aBiology and pathology of trophoblast@mChinese |
| 606 | 0 | @a胚胎@Apei tai@x生物学 |
| 606 | 0 | @a胚胎@Apei tai@x病理学 |
| 690 | @aQ13@v4 | |
| 701 | 1 | @a莫菲特@Amo fei te@g(Moffett, Ashely)@4编 |
| 701 | 1 | @a洛克@Aluo ke@g(Loke, Charlie)@4编 |
| 701 | 1 | @a麦克莱伦@Amai ke lai lun@g(McLaren, Anne)@4编 |
| 702 | 0 | @a张耀洲@Azhang yao zhou@4译 |
| 801 | 0 | @aCN@bQSSK@c20090621 |
| 905 | @b745086-88@dQ13@eM846@f3 | |
| 滋养层生物学与病理学= Biology and pathology of trophoblast/(英) Ashley Moffett, Charlie Loke, Anne Mclaren编/张耀洲译.-杭州:浙江大学出版社,2008.05 |
| 172页;29cm |
| ISBN 978-7-308-05757-8:CNY30.00 |
| 滋养层是从受精卵分化而来为胚胎发育提供营养和保护的组织。本书首次对滋养层作出了深入详尽的阐述。滋养层的细胞具有许多特性,并且在不同物种之 间差异较大,在胎盘的发育和胚胎的早期生长十字路口,滋养层发挥着重要调节作用。 |
| ● |
| 相关链接 |
|
|
|
正题名:滋养层生物学与病理学
索取号:Q13/M846
 
预约/预借
| 序号 | 登录号 | 条形码 | 馆藏地/架位号 | 状态 | 备注 |
| 1 | 745086 | 207450863 | 自科库401/401自科库 25排2列4层/ [索取号:Q13/M846] | 在馆 | |
| 2 | 745087 | 207450872 | 自科库401/401自科库 25排2列4层/ [索取号:Q13/M846] | 在馆 | |
| 3 | 745088 | 207450881 | 自科库401/401自科库 25排2列4层/ [索取号:Q13/M846] | 在馆 |